000 00503nam a2200181Ia 4500
008 090124s9999 xx 000 0 und d
082 _b38204
100 _aकाळे व. पु.
245 _a एकूण वपु
250 _a1
260 _bडिंपल पब्लिकेशन
_c2000
300 _a215
600 _aकाळे व. पु.
630 _a एकूण वपु
700 _aकाळे व. पु.
730 _a एकूण वपु
942 _cBOOK
999 _c104226
_d104226